000 00686nam a2200241 a 4500
999 _c4681
_d4681
001 4681
003 BD-JhCC
005 20171129195233.0
008 171129s1972 bg |||| ||a| 001 0 eng d
020 _a0804708045
035 _a(BD-JhCC)4681
040 _aBD-JhCC
_dBD-JhCC
041 _aeng
082 _a016.82
_bKEN 1972
100 _aKinnedy, Arthur G.
245 _aA Concise Bibliography For students Of English /
_cArthur G. kinnedy and Donald B Sands
260 _aStanford
_aCalifornia
_bStanford Univerrsity Press
_c1972
300 _a300 p. :
_c22 cm.
650 _aEnglish Liturature
_xBibliography
700 _aSands, Donald B
942 _2ddc
_cBK